000 00462pab a2200193 454500
008 180718b1998 xxu||||| |||| 00| 0 eng d
100 _aSolanki, S.S.
245 _aVillage pottery industry: a case study
260 _c1998
300 _ap.3-15
362 _aFeb
650 _aIndustry, Rural
650 _aRural industries
650 _aPottery
650 _aSmall scale industry
700 _aQureshi, M.A.
773 _aKurukshetra
909 _a36841
999 _c36841
_d36841